Library Banner

Muftariat Alal Islam/ (Record no. 94218)

MARC details
000 -LEADER
fixed length control field 00387nam a22001457a 4500
005 - DATE AND TIME OF LATEST TRANSACTION
control field 20170601110118.0
008 - FIXED-LENGTH DATA ELEMENTS--GENERAL INFORMATION
fixed length control field 170601b xxu||||| |||| 00| 0 eng d
040 ## - CATALOGING SOURCE
Transcribing agency PK-LaUMT
082 ## - DEWEY DECIMAL CLASSIFICATION NUMBER
Classification number ZIAC 297
Item number AHM-M
100 ## - MAIN ENTRY--PERSONAL NAME
Personal name Ahmad Muhammad Jamal
245 ## - TITLE STATEMENT
Title Muftariat Alal Islam/
Statement of responsibility, etc Ahmad Muhammad Jamal
260 ## - PUBLICATION, DISTRIBUTION, ETC. (IMPRINT)
Place of publication, distribution, etc بیروت:
Name of publisher, distributor, etc دارالفکر،
Date of publication, distribution, etc 1972
300 ## - PHYSICAL DESCRIPTION
Extent 339 ص
942 ## - ADDED ENTRY ELEMENTS (KOHA)
Koha item type Books
Holdings
Withdrawn status Lost status Damaged status Home library Current library Date acquired Full call number Barcode Date last seen Price effective from Koha item type
      UMT Main Campus UMT Main Campus 2017-06-01 ZIAC 297 AHM-M 109829 2017-06-01 2017-06-01 Books